| 000 | 00640nam a2200241 a 4500 | ||
|---|---|---|---|
| 001 | BRCA_4047 | ||
| 005 | 20190320204527.0 | ||
| 008 | 150210s1948----mx-a######---#000-0#spa-# | ||
| 041 | _aspa | ||
| 044 | _amx | ||
| 050 | 4 |
_aN6557 _b.M32T3 1948 |
|
| 100 | 1 |
_aMacGregor, Luis _910500 |
|
| 245 | 1 | 0 |
_aTabasco _cLuis MacGregor. |
| 260 |
_aMéxico _bEdiciones de arte _c1948 |
||
| 300 |
_a68 p. _bil _c16 cm |
||
| 440 | 0 |
_aColección Anahuac de arte mexicano _v1 _910501 |
|
| 500 | _aC123 | ||
| 650 | 1 | 4 |
_aArte _zMéxico _910502 |
| 650 | 1 | 4 |
_aArte _zTaxco, Guerrero _910503 |
| 651 | 4 |
_aTaxco, Guerrero _910504 |
|
| 902 | _aGFM | ||
| 942 |
_2lcc _cB |
||
| 999 |
_c3771 _d3771 |
||